Sociálne zodpovedné investovanie na Slovensku a v Rakúsku
Pojem sociálne zodpovedné investovanie. Zhodnotenie a porovnanie súčasného stavu sociálne zodpovedného investovania podnikateľskými subjektami na Slovensku a v Rakúsku.
Gespeichert in:
| 1. Verfasser: | |
|---|---|
| Weitere Verfasser: | |
| Format: | Buchkapitel |
| Sprache: | Slowakisch |
| Schlagworte: | |
| Tags: |
Keine Tags, Fügen Sie das erste Tag hinzu!
|
MARC
| LEADER | 00000naa a2200000 4500 | ||
|---|---|---|---|
| 001 | 0229849 | ||
| 005 | 20221019172808.3 | ||
| 041 | 0 | |a slo | |
| 044 | |a SK | ||
| 245 | 1 | 0 | |a Sociálne zodpovedné investovanie na Slovensku a v Rakúsku |c Jana Sokolová, Lenka Hvolková |
| 520 | |a Pojem sociálne zodpovedné investovanie. Zhodnotenie a porovnanie súčasného stavu sociálne zodpovedného investovania podnikateľskými subjektami na Slovensku a v Rakúsku. | ||
| 610 | 2 | 0 | |a podnikanie zodpovedné |
| 610 | 2 | 0 | |a podnikanie sociálne |
| 610 | 2 | 0 | |a stratégia investičná |
| 610 | 2 | 0 | |a Slovensko |
| 610 | 2 | 0 | |a Rakúsko |
| 610 | 2 | 0 | |a porovnanie medzinárodné |
| 100 | 1 | |a Sokolová, Jana | |
| 700 | 1 | |a Hvolková, Lenka | |